Física
Publicado:
Barcelona :
Diputació de Barcelona. Àrea d'Educació. Gerència de serveis d'Educació, [2009]
Descripción Física:
51 p. ; 30 cm
Materias:
Física
MARC
| LEADER | 00000nam a2200000Ia 4500 | ||
|---|---|---|---|
| 001 | 21852 | ||
| 008 | 160829s9999 xx 000 0 cat d | ||
| 080 | |a E-1-345 | ||
| 245 | |a Física | ||
| 260 | |a Barcelona : |b Diputació de Barcelona. Àrea d'Educació. Gerència de serveis d'Educació, [2009] | ||
| 300 | |a 51 p. ; |c 30 cm | ||
| 590 | |a Prova d'accés al Cicle Formatiu de Grau Superior. Centre de Formació d'Adults Can Batlló | ||
| 650 | |a Física |9 29805 | ||
| 710 | |a Barcelona (Catalunya : Província). |b Gerència de Serveis d'Educació |9 52167 | ||
| 710 | 2 | |a Centre de Formació d'Adults Can Batlló |9 55011 | |
| 866 | |a Curs: 2009 - 2010 | ||
| 901 | |a Arxiu | ||
| 942 | |n 1 | ||
| 952 | |0 0 |1 0 |4 0 |6 E1345 |7 1 |9 53035 |a Arxiu |b Arxiu |d 2016-12-01 |l 0 |o E-1-345 |p 21852 |r 2016-12-01 00:00:00 |w 2016-12-01 |y ARXIU | ||
| 999 | |c 56884 |d 56884 | ||